000 00982cab a2200265 4500
001 ABS55589
008 090401t1996 xxu||||| |||| 00| 0 eng d
035 _a(Sirsi) u17451
041 _aeng
100 _aWaters, B.
245 _aPlanning: practical advice
260 _c1996
350 _a0
490 _aArchitects` Journal
_v203(25) 27 June 1996, 41(1)
520 _aOutlines the `Development Team Approach` adopted by the National Planning Forum to improve the co-ordination of local authority service to the development industry. Concludes the new approach will probably run into problems because of inconsistency in government regulations rather than weaknesses at local authority level.
650 _aARCHITECTS
650 _aDEVELOPMENT TEAM APPROACH
650 _aDTA
650 _aLOCAL AUTHORITIES
650 _aNATIONAL PLANNING FORUM
650 _aPLANNING APPLICATIONS
690 _aPLANNING LAW AND PRACTICE
942 _n0
948 _c04/03/1997
999 _c11576
_d11576